Kroniky Dasnarie. 1, Vězeňkyně koruny /
Úvodní díl fantasy série z říše Dasnarie, kde jsou ženy vychovávány jen k potěše mužů, nikoli k myšlení. Princezna Jenna se však svému tyranskému muži odmítne poddat...
Uloženo v:
| Série: | Kroniky Dasnarie,
část 1 |
|---|---|
| Hlavní autor: | |
| Další autoři: | |
| Médium: | E-kniha |
| Jazyk: | Czech |
| Vydáno: |
Ostrava :
Fantom Print,
2022
|
| Vydání: | 1. vydání |
| Témata: | |
| Příbuzné jednotky: | Z cyklu::
Kroniky Dasnarie |
| Tagy: |
Žádné tagy |
| LEADER | 02632cam a2200457 i 4500 | ||
|---|---|---|---|
| 001 | 311491 | ||
| 003 | CZ PrSKC | ||
| 005 | 20260601215706.0 | ||
| 007 | ta | ||
| 008 | 220209s2022 xr g 000 f cze d | ||
| 015 | |a cnb003395720 | ||
| 020 | |a 9788075941015 |q (brožováno) | ||
| 035 | |a (OCoLC)1335742867 | ||
| 040 | |a OSG002 |b cze |d ABG001 |e rda | ||
| 041 | 1 | |a cze |h eng | |
| 072 | 7 | |a 821.111(73)-3 |x Americká próza |2 Konspekt | |
| 080 | |a 821.111(73)-31 |2 MRF | ||
| 080 | |a (0:82-312.9) |2 MRF | ||
| 100 | 1 | |a Kennedy, Jeffe, |d 1966- |7 xx0269319 |4 aut | |
| 240 | 1 | 0 | |a Prisoner of the crown. |l Česky |
| 245 | 1 | 0 | |a Kroniky Dasnarie. |n 1, |p Vězeňkyně koruny / |c Jeffe Kennedy ; překlad Petra Kubašková |
| 246 | 3 | 0 | |a Vězeňkyně koruny |
| 250 | |a 1. vydání | ||
| 264 | 1 | |a Ostrava : |b Fantom Print, |c 2022 | |
| 300 | |a 239 stran ; |c 21 cm | ||
| 336 | |a text |b txt |2 rdacontent | ||
| 337 | |a bez média |b n |2 rdamedia | ||
| 338 | |a svazek |b nc |2 rdacarrier | ||
| 500 | |a Přeloženo z angličtiny | ||
| 520 | 2 | |a Úvodní díl fantasy série z říše Dasnarie, kde jsou ženy vychovávány jen k potěše mužů, nikoli k myšlení. Princezna Jenna se však svému tyranskému muži odmítne poddat... |b Princezna Jenna byla vychována v největším luxusu - a nevědomosti. Byla však vyškolena v tom, jak se žena může dostat k moci. Když jsou ohlášeny její zásnuby, je připravena vydat se na cestu intrik, které ji mají proměnit z pouhé ozdoby v královnu. Jenže muž, jehož Jenně určili za manžela, není prostoduché princátko. Je to monstrum v lidské kůži a Jenně je od chvíle, kdy složí svatební slib, jasné, že život pod jeho nadvládou bude plný děsu. Jestli chce přežít, musí se nějak osvobodit - a pro princeznu narozenou do hebké klícky je putování do studeného, tvrdého království cestou vskutku nebezpečnou... Nakladatelská anotace. | |
| 655 | 7 | |a americké romány |7 fd131796 |2 czenas | |
| 655 | 7 | |a fantasy romány |7 fd184199 |2 czenas | |
| 655 | 9 | |a American fiction |2 eczenas | |
| 655 | 9 | |a fantasy novels |2 eczenas | |
| 700 | 1 | |a Kubašková, Petra, |d 1978- |7 xx0147637 |4 trl | |
| 787 | 0 | 8 | |i Z cyklu: |t Kroniky Dasnarie |g 1 |
| 900 | |a ABA001 |b 20 | ||
| 044 | |a xr | ||
| 910 | |a RBIT002 | ||
| 998 | |d 344848 |a https://core.palmknihy.cz/api/books/344848/cover?r6bftg |b https://core.palmknihy.cz/api/books/344848/cover/400?r6bftg |c https://core.palmknihy.cz/api/books/344848/cover/50?r6bftg |e 2026-10-18 |g 240 |i 9788075941015 |j https://core.palmknihy.cz/api/books/344848/preview.epub |l |q 49 |r 1 |s https://www.palmknihy.cz/kniha/344848 |t ebook |y 2022 |z 0 |v Kroniky Dasnarie |w 1 | ||
| 999 | |d 311489 | ||